000 00682nas a2200229 4500
001 BR8703627
003 BR-BrBNA
005 20231205090701.0
007 ta
008 230509b bl.|||p| |||| 00| 00por d
040 _aBR-BrBNA
_bpor
_cBiblioteca Nacional de Agricultura
041 _a(Pt)
072 _aE70; L70
110 1 _aInstituto Estadual de Saude Animal, Belo Horizonte, MG (Brasil)
_96338
245 1 _aExportacao so com o controle sanitario
650 _aBOVINO
650 _aEXPORTACAO
650 _aINSPECAO VETERINARIA
773 0 _tIESACAO (Brazil)
_x
_g(Oct 1980), (no. 4) p. 3
_wBR8703627
909 _a202311
_bLúcia
_c55
_dLúcia Elande
942 _2AGRIS
_n0
_cANA
999 _c120245
_d120245